| 000 | 01357nam a2200361Ia 4500 | ||
|---|---|---|---|
| 001 | Z_6775 | ||
| 003 | CHAP | ||
| 005 | 20230515140156.0 | ||
| 008 | 220113s2015 xx 000 0 und d | ||
| 010 | _a170053 | ||
| 040 | _cCHAP | ||
| 090 | _aTesis B38 2447 | ||
| 100 |
_aBautista Chepi, Rasiel _9129538 |
||
| 245 |
_aComposición botánica de la dieta y contenido nutricional de la carne de paloma doméstica (Columba livia) / _cRasiel Bautista Chepi y Joel Franco Estrada |
||
| 260 |
_aMéxico : _bEl autor, _c2015 |
||
| 300 | _a43 p | ||
| 502 | _aTesis (Ingeniero Agrónomo Especialista en Zootecnia) -- UACH, 2015 \ Dirección: Elvia López Pérez; asesoría: José Juan Martínez Rosario y María Guadalupe Juárez Ortiz | ||
| 650 |
_aAvicultura _98703 |
||
| 650 |
_aConsumo _927420 |
||
| 650 |
_aHábitos alimenticios _955679 |
||
| 650 |
_aPaloma doméstica _9145905 |
||
| 650 |
_aProcedimiento de Glimmix de SAS _9145906 |
||
| 700 |
_a Juárez Ortiz, María Guadalupe, asesor _9145907 |
||
| 700 |
_a López Pérez, Elvia, director _9144344 |
||
| 700 |
_a Matínez Rosario, José Juan, asesor _9145908 |
||
| 700 |
_aFranco Estrada, Joel, coaut. _9145909 |
||
| 856 | 4 | 2 |
_uhttp://10.13.5.2/tesis/sist111627.pdf _yDescargar PDF |
| 901 | _aTESIS B38 2447 | ||
| 902 | _aA | ||
| 910 | _a2015 | ||
| 942 |
_c2 _2ddc |
||
| 942 |
_c2 _2ddc |
||
| 999 |
_c170053 _d170053 |
||